000 00500nam a2200169 a 4500
001 12799
005 20180713201112.0
008 140415s1993 000 0 spa d
041 _aspa
082 _a612.6
_bLOP
100 1 _aLOPEZ ORTEGA MšLLER, JOSE ANTONIO
245 1 3 _aLA EDUCACION DE LA SEXUALIDAD :
_bRESPONSABILIDAD DE LA FAMILIA
250 _a2a ed.
260 _a[s.l.] :
_bLOMA,
_c1993
300 _a272
650 1 4 _aEDUCACION PARA LA VIDA FAMILIAR
_xEDUCACION SEXUAL
999 _c12799
_d12799